000 00659nam a2200205Ii 4500
001 13533
003 CO-ViMGA
008 241108s9999||||xx |||||||||||||| ||und||
040 _aCO-ViMGA
_bspa
_erda
_cCO-ViMGA
041 0 _aspa
082 0 4 _aF.FC 868.998304 - P37h
100 1 _aGalo René Pérez
_947184
245 1 0 _aHistoria crítica de la novela hispanoamericana
264 1 _aBogotá, Colombia : Círculo de Lectores, [Fecha de publicación no identificada]
300 _avolumen
336 _atext
_btxt
_2rdacontent
337 _aunmediated
_bn
_2rdamedia
338 _avolume
_bnc
_2rdacarrier
940 _aidficha_siabuc: 13235. -- ficha_no_siabuc:13533
999 _c41764
_d41764